000 01021nam a2200241 i 4500
001 103743
003 ES-MaACL
005 20250902103430.0
007 t|
008 051117s1920 sp ||||1| spa d
100 1 _aMerino Alvarez, Abelardo.
_980534
245 1 0 _aContra el principio de las nacionalidades /
_cAbelardo Merino Álvarez ; con un prólogo del marqués de Olivart...
260 _aMadrid :
_b[s.n.],
_c1920 (
_fImp. del Patronato de Huérfanos de Intendencia e Intervención Militares)
300 _a74 p. ;
_c24 cm.
490 1 _aPublicaciones del Boletín de la Real Sociedad Geográfica
650 1 4 _aNacionalidad.
_915435
700 1 _aOlivart, Ramón María de Dalmau,
_cMarqués de,
_d1861-1928
_9130617
710 2 _aPatronato de Huérfanos de Intendencia e Intervención Militares.
_96172
710 2 _aReal Sociedad Geográfica
_96403
830 1 _aPublicaciones del Boletín de la Real Sociedad Geográfica
_9184622
852 _aES-MaACL
_j1585-F-22
999 _c103743
_d103743